[Event "4th 4NCL Easter Congress"]
[Site "Holiday Inn Peterborough - West"]
[Date "2024.03.31"]
[Round "5"]
[Board "3"]
[White "Bellano, Harry"]
[Black "Hristov, Georgi"]
[Result "1-0"]
[WhiteElo "1603"]
[BlackElo "1661"]
[PlyCount "0"]
[EventDate "2024.03.29"]
[EventRounds "7"]
[EventCountry "ENG"]

1. e4 c5 2. Nf3 Nc6 3. c3 e5 4. d4 cxd4 5. cxd4 exd4 6. Nxd4 Nxd4 7. Qxd4 Qc7 8.
Nc3 Nf6 9. Nb5 Qb8 10. e5 Ng4 11. Bf4 b6 12. e6 Qb7 13. exf7+ Kxf7 14. Bc4+ Kg6 15.
Bd5 Bb4+ 16. Kf1 Qa6 17. Qxb4 Rf8 18. Bxa8 Rxf4 19. Qxf4 Qxb5+ 20. Kg1 d5 21. Qd6+
Nf6 22. Rd1 Qxb2 23. Bxd5 Bg4 24. Qg3 Qe2 25. Bf3 Qe6 26. h3 h5 27. hxg4 hxg4 28.
Bxg4 Qxg4 29. Qxg4+ Nxg4 30. Rh3 Kf5 31. Ra1  1-0

[Event "4th 4NCL Easter Congress"]
[Site "Holiday Inn Peterborough - West"]
[Date "2024.03.31"]
[Round "5"]
[Board "4"]
[White "Sahoo, Shivam"]
[Black "Zajaczkowski, Marek"]
[Result "1-0"]
[WhiteElo "1553"]
[BlackElo "1656"]
[PlyCount "0"]
[EventDate "2024.03.29"]
[EventRounds "7"]
[EventCountry "ENG"]

1. d4 e5 2. dxe5 Nc6 3. Nf3 d5 4. Bf4 Bg4 5. h3 Bf5 6. a3 Bc5 7. Nbd2 Nge7 8. Nb3
Bb6 9. e3 a6 10. Be2 Ng6 11. Bg3 Qd7 12. Qd2 a5 13. Bb5 O-O 14. O-O Rfe8 15. Qc3
Nge7 16. Nbd4 Bxd4 17. Nxd4 Bxh3 18. gxh3 Qxh3 19. Nxc6 Nf5 20. e4 dxe4 21. Nd4 Nxd4
22. Qxd4 c6 23. Be2 Re6 24. Rfd1 Rae8 25. Qxe4 Rh6 26. Qg2 Qf5 27. Rd2 Qe6 28. Rd6
Qf5 29. Rxh6 gxh6 30. Bh4+ Kf8 31. Bf6  1-0

[Event "4th 4NCL Easter Congress"]
[Site "Holiday Inn Peterborough - West"]
[Date "2024.03.31"]
[Round "5"]
[Board "5"]
[White "Saha, Soumil"]
[Black "Cheng, Wing"]
[Result "1/2-1/2"]
[WhiteElo "1479"]
[BlackElo "1649"]
[PlyCount "0"]
[EventDate "2024.03.29"]
[EventRounds "7"]
[EventCountry "ENG"]

1. d4 Nf6 2. Bg5 g6 3. Bxf6 exf6 4. Nf3 Bg7 5. e3 d6 6. Be2 O-O 7. O-O b6 8. Ne1
Bb7 9. Bf3 c6 10. Nd2 Nd7 11. Nd3 Qc7 12. c3 f5 13. Rb1 a5 14. a3 Ba6 15. Be2 Nf6
16. b4 Nd5 17. c4 Nc3 18. Qe1 Nxb1 19. Qxb1 axb4 20. axb4 Bb7 21. c5 bxc5 22. bxc5
Ba6 23. cxd6 Qxd6 24. Bf3 Rab8 25. Qc2 Bxd3 26. Qxd3 Rfc8 27. Nc4 Qd8 28. Qa3 Bf8
29. Qa2 Ra8 30. Qb3 Rab8 31. Qa2 c5 32. Ne5 c4 33. Nc6 Rxc6 34. Bxc6 c3 35. Bd5 Qc7
36. Rc1 Rb2 37. Qc4 Qxc4 38. Bxc4 Bb4 39. g3 Kf8 40. Kg2 Ke7 41. Kf3 Ba5 42. h4 h5
43. Bd3 Rd2 44. Bc4 f6  1/2-1/2

[Event "4th 4NCL Easter Congress"]
[Site "Holiday Inn Peterborough - West"]
[Date "2024.03.31"]
[Round "5"]
[Board "6"]
[White "Fraser, Chris A"]
[Black "Smith, Adam"]
[Result "0-1"]
[WhiteElo "1626"]
[BlackElo "1646"]
[PlyCount "0"]
[EventDate "2024.03.29"]
[EventRounds "7"]
[EventCountry "ENG"]

1. e4 c6 2. d4 d5 3. e5 c5 4. dxc5 Nc6 5. Nf3 Bg4 6. c3 e6 7. b4 Nge7 8. Bb5 a6 9.
Bxc6+ Nxc6 10. Bf4 g6 11. O-O Bg7 12. Re1 O-O 13. h3 Bxf3 14. Qxf3 a5 15. a3 axb4
16. cxb4 Nxb4 17. Qb3 Na6 18. Qc2 Rc8 19. Nd2 Nxc5 20. Nf3 Qb6 21. Rab1 Qa6 22. Re3
Rc7 23. Rc3 Rfc8 24. Nd4 Qa4 25. Rc1 Qxc2 26. R1xc2 Na6 27. Rxc7 Rxc7 28. Rxc7 Nxc7
29. Kf1 b5 30. Ke2 Bf8 31. Bc1 Bc5 32. Kd3 Kg7 33. f4 f6 34. Nc6 f5 35. Nd4 Kf7 36.
h4 Kg7 37. g3 Kh6 38. Ne2 Kh5 39. Nd4 Kg4 40. Bb2  0-1

[Event "4th 4NCL Easter Congress"]
[Site "Holiday Inn Peterborough - West"]
[Date "2024.03.31"]
[Round "5"]
[Board "7"]
[White "Poliakov, Andrii"]
[Black "Dhingra, Kanvansh"]
[Result "0-1"]
[WhiteElo "1241"]
[BlackElo "1609"]
[PlyCount "0"]
[EventDate "2024.03.29"]
[EventRounds "7"]
[EventCountry "ENG"]

1. d4 e6 2. e4 d5 3. e5 c5 4. c3 Nc6 5. Nf3 Qb6 6. Qb3 cxd4 7. Qxb6 axb6 8. cxd4
Bd7 9. Nc3 Bb4 10. Bd2 f6 11. a3 fxe5 12. dxe5 Nge7 13. Bd3 O-O 14. O-O Bc5 15. Nb5
Rxf3 16. gxf3 Nxe5 17. Be2 Bxb5 18. Bxb5 Nxf3+ 19. Kh1 Nxd2 20. Rfe1 Nb3 21. Rad1
Nd4 22. Bd7 Kf7 23. Rd3 Rd8 24. Bxe6+ Nxe6 25. Rf3+ Kg8 26. Rxe6 d4 27. Rd3 Nd5 28.
Re4 Nf6 29. Rf4 b5 30. b4 Bb6 31. Kg2 Rd5 32. h4 Re5 33. Kf3 Kf7 34. Rd2 Ke6 35.
Re2 d3 36. Rd2 Rd5 37. Kg2 Ke5 38. Kf3 Rd4 39. Rxd4 Kxd4 40. Kg2 Kc3  0-1

[Event "4th 4NCL Easter Congress"]
[Site "Holiday Inn Peterborough - West"]
[Date "2024.03.31"]
[Round "5"]
[Board "8"]
[White "Morris, Nigel W"]
[Black "Prabhakaran, Anvikkashri"]
[Result "0-1"]
[WhiteElo "1651"]
[BlackElo "1210"]
[PlyCount "0"]
[EventDate "2024.03.29"]
[EventRounds "7"]
[EventCountry "ENG"]

1. d4 e6 2. e3 d5 3. Nf3 c5 4. b3 Nc6 5. Bd3 Nf6 6. Nbd2 cxd4 7. exd4 Bd6 8. Bb2
O-O 9. Ne5 Bd7 10. O-O Rc8 11. a3 h6 12. f4 Qb6 13. c3 Nxe5 14. fxe5 Bxe5 15. Kh1
Bd6 16. Nf3 Ng4 17. Bc2 Ne3 18. Qd3 Nf5 19. g4 Bb5 20. Qd2 Bxf1 21. Rxf1 Ne7 22.
Ne5 Bxe5 23. dxe5 Qc6 24. Qe2 f5 25. gxf5 exf5 26. Rg1 d4+ 27. Rg2 dxc3 28. Bc1 f4
29. Qg4 g5 30. h4 Rf7 31. hxg5 Rg7 32. Bxf4 Rf8 33. Kh2 Nd5 34. Bc1 Qd7 35. e6 Qd6+
36. Kh1 Rf1+ 37. Rg1 Rxg1+ 38. Qxg1 Qxe6 39. Qg2 Qe1+ 40. Qg1 Qxg1+ 41. Kxg1 hxg5
 0-1

[Event "4th 4NCL Easter Congress"]
[Site "Holiday Inn Peterborough - West"]
[Date "2024.03.31"]
[Round "5"]
[Board "9"]
[White "Kilambi, Aahna"]
[Black "Gibbs, John"]
[Result "0-1"]
[WhiteElo "1571"]
[BlackElo "1699"]
[PlyCount "0"]
[EventDate "2024.03.29"]
[EventRounds "7"]
[EventCountry "ENG"]

1. c4 f5 2. Nc3 Nf6 3. g3 e6 4. Bg2 Be7 5. e3 O-O 6. Nge2 d6 7. d4 Nbd7 8. O-O Qe8
9. Qd2 e5 10. b3 Qh5 11. f3 Rf7 12. Bb2 Qh6 13. dxe5 dxe5 14. f4 e4 15. Nd4 Nc5 16.
Ndb5 Bf8 17. Ba3 a6 18. Nd4 Nd3 19. Bxf8 Rxf8 20. Nce2 Rd8 21. Nc1 c5 22. Nxd3 cxd4
23. Ne5 d3 24. Qb4 Nd7 25. Qe7 Qf6 26. Qxf6 Nxf6 27. Bh3 g6 28. c5 Nd7 29. Nxd7 Bxd7
30. b4 d2 31. a4 Bxa4 32. Rxa4 d1=Q 33. Rxd1 Rxd1+ 34. Bf1 Rad8 35. Kf2 R8d2+ 36.
Be2 Rh1 37. Kg2 Re1 38. Kf2 Rdxe2#  0-1

[Event "4th 4NCL Easter Congress"]
[Site "Holiday Inn Peterborough - West"]
[Date "2024.03.31"]
[Round "5"]
[Board "10"]
[White "Graeme, Matthew"]
[Black "Jerome, Stellio"]
[Result "0-1"]
[WhiteElo "1156"]
[BlackElo "1674"]
[PlyCount "0"]
[EventDate "2024.03.29"]
[EventRounds "7"]
[EventCountry "ENG"]

1. e4 e6 2. d4 d5 3. Nc3 Bb4 4. Bd2 Bxc3 5. Bxc3 dxe4 6. Qg4 Nf6 7. Qxg7 Rg8 8. Qh6
Nc6 9. O-O-O Rg6 10. Qd2 Nd5 11. Ne2 f5 12. g3 Rg8 13. Nf4 Nxf4 14. gxf4 Qd5 15.
Be2 Ne7 16. Rhg1 Ng6 17. Bh5 Qxa2 18. Qe2 Bd7 19. Bxg6+ hxg6 20. Kd2 Qd5 21. Ra1
Bb5 22. Qe1 Ba6 23. b4 O-O-O 24. Rxa6 bxa6 25. Qe2 Rd6 26. Ra1 Kb7 27. Ra5 Qc6 28.
b5 axb5 29. Rxb5+ Ka8 30. Ke3 Qxc3+  0-1

[Event "4th 4NCL Easter Congress"]
[Site "Holiday Inn Peterborough - West"]
[Date "2024.03.31"]
[Round "5"]
[Board "11"]
[White "Butler, Rene"]
[Black "Wallman, James"]
[Result "1-0"]
[WhiteElo "1524"]
[BlackElo "1647"]
[PlyCount "0"]
[EventDate "2024.03.29"]
[EventRounds "7"]
[EventCountry "ENG"]

1. b4 e5 2. Bb2 d6 3. c4 Qe7 4. a3 Nf6 5. e3 Bf5 6. Be2 g6 7. Nf3 h6 8. Nc3 c6 9.
b5 cxb5 10. cxb5 Nbd7 11. d3 Bg7 12. e4 Be6 13. Rc1 O-O 14. h3 Nc5 15. Nd2 Rac8 16.
Na4 b6 17. Nxc5 bxc5 18. O-O Rb8 19. a4 a6 20. Ba3 axb5 21. axb5 Rxb5 22. Rb1 Ra5
23. Bb2 Rb8 24. Bc3 Rab5 25. Rxb5 Rxb5 26. Qa4 Qb7 27. Ra1 Bd7 28. Qa8+ Qxa8 29.
Rxa8+ Kh7 30. d4 Rb7 31. dxe5 dxe5 32. Bxe5 Bc6 33. f3 Rd7 34. Ra2 Re7 35. Bxf6 Bxf6
36. Ra6 Bd4+ 37. Kf1 Re6 38. Bc4 Rf6 39. Ra7 Bc3 40. Nb3 Bxe4 41. Rxf7+ Rxf7 42.
Bxf7 Bd3+ 43. Kf2 c4 44. Nc1 Bd4+ 45. Kg3 Bf1 46. f4 Bb2 47. Na2 c3 48. Kf2 Bd3 49.
Ke3 Bb5 50. Bb3 Bc6 51. g3 Bd7 52. g4 Bc6 53. Kd3 Bg2 54. h4 Bh3 55. Be6 h5 56. Nxc3
Bxc3 57. Kxc3 hxg4 58. Kd2 Kg7 59. Ke3 Kf6 60. Bd7 Ke7 61. Bc8 Kd6 62. Kf2 Kd5 63.
Kg3 Ke4 64. Bxg4 Bf1 65. h5 gxh5 66. Bxh5 Kf5 67. Bg4+ Kf6 68. Kf3 Bd3 69. Ke3 Bb1
70. Kd4 Bc2 71. Bd7 Ke7 72. Bc8 Bb3 73. Ke5 Ba4 74. f5 Kd8 75. Be6 Be8 76. Kf6 Bc6
77. Kf7 Be8+ 78. Kf8 Bh5 79. f6 Be8 80. Kg7 Bb5 81. f7 Ke7 82. f8=Q+ Kxe6 83. Qf6+
Kd5 84. Qd8+ Kc5 85. Kf6 Kb4 86. Ke5 Kc5 87. Qc7+ Bc6 88. Qd6+ Kb6 89. Kd4 Kb7 90.
Kc5  1-0

[Event "4th 4NCL Easter Congress"]
[Site "Holiday Inn Peterborough - West"]
[Date "2024.03.31"]
[Round "5"]
[Board "12"]
[White "Sartain, Patrick P"]
[Black "Neville, Andy"]
[Result "1/2-1/2"]
[WhiteElo "1642"]
[BlackElo "1503"]
[PlyCount "0"]
[EventDate "2024.03.29"]
[EventRounds "7"]
[EventCountry "ENG"]

1. e4 c5 2. f4 e6 3. Nf3 Nf6 4. e5 Nd5 5. d3 Be7 6. c4 Nb6 7. Be3 d5 8. exd6 Qxd6
9. Nc3 Nc6 10. Ne4 Qc7 11. Be2 O-O 12. O-O Rd8 13. b3 Nd4 14. Nxd4 cxd4 15. Bc1 Nd7
16. Kh1 Rf8 17. Bb2 e5 18. f5 Nf6 19. Nxf6+ Bxf6 20. Bg4 Bd7 21. Qf3 Bc6 22. Qg3
Rad8 23. Bf3 Bxf3 24. Rxf3 Qe7 25. Qg4 Rfe8 26. Qe4 Qb4 27. Raf1 b5 28. Bc1 bxc4
29. bxc4 Rb8 30. h4 Qb7 31. Qxb7 Rxb7 32. Bg5 e4 33. dxe4 Rxe4 34. Bxf6 gxf6 35.
g3 Rb2 36. R3f2 Ree2 37. Rxe2 Rxe2 38. Rd1 Rxa2 39. Rxd4 Ra4 40. Rd8+ Kg7 41. Rc8
Ra2 42. Kg1 a5 43. Kf1 a4 44. Ra8 a3 45. c5 Rc2 46. Rxa3 Rxc5 47. g4 Rc4 48. Rg3
Rc2 49. Rg2 Rc4 50. Kg1 h6 51. Kh2 Rc3 52. Rg3 Rc2+ 53. Kh3 Rc1 54. Kh2 Rc2+ 55.
Rg2 Rc3  1/2-1/2

[Event "4th 4NCL Easter Congress"]
[Site "Holiday Inn Peterborough - West"]
[Date "2024.03.31"]
[Round "5"]
[Board "13"]
[White "RoyChowdhury, Aashita"]
[Black "Vu, Viet"]
[Result "1/2-1/2"]
[WhiteElo "1579"]
[BlackElo "1500"]
[PlyCount "0"]
[EventDate "2024.03.29"]
[EventRounds "7"]
[EventCountry "ENG"]

1. d4 d5 2. Bf4 Nf6 3. e3 Nc6 4. Nf3 Bg4 5. c3 e6 6. Bd3 Bd6 7. Bg3 e5 8. dxe5 Nxe5
9. Be2 Nxf3+ 10. Bxf3 Bxg3 11. Bxg4 Bd6 12. Bf3 c6 13. Qd3 Qd7 14. h3 Rd8 15. Nd2
Qe6 16. Nb3 O-O 17. Nd4 Qe5 18. Nf5 Bc7 19. Ng3 Rfe8 20. O-O-O Qe6 21. Ne2 Ne4 22.
Bxe4 dxe4 23. Qb1 b5 24. Rd4 c5 25. Rxd8 Rxd8 26. Rd1 Rc8 27. b3 a5 28. Qc2 h6 29.
Rd2 a4 30. bxa4 Rb8 31. Qb3 Qc6 32. axb5 Rxb5 33. Qd5 Qb6 34. Qa8+ Kh7 35. Qxe4+
g6 36. Qc2 Qa6 37. Rd7 Qf6 38. Rxc7 Qxf2 39. Kd2 Rb6 40. Rd7 Re6 41. Qd3 Qxg2 42.
Rxf7+ Kg8 43. Qd7 Rd6+ 44. Qxd6 Kxf7 45. Qf4+ Kg7 46. Qc7+ Kf6 47. Qb6+ Kg7 48. Qxc5
Qxh3 49. Qd4+ Kh7 50. a4 Qe6 51. e4 h5 52. e5 g5 53. c4 h4 54. Qe4+ Kh6 55. Nd4 Qd7
56. Qc6+ Qxc6 57. Nxc6 h3 58. e6 h2 59. e7 h1=Q 60. e8=Q Qg2+ 61. Kd3 Qf1+ 62. Qe2
Qf5+ 63. Kd4 Qf6+ 64. Ne5 Qb6+ 65. c5 Qb4+ 66. Kd5 Qxa4 67. Nf7+ Kg7 68. Nxg5 Qd7+
69. Ke4  1/2-1/2

[Event "4th 4NCL Easter Congress"]
[Site "Holiday Inn Peterborough - West"]
[Date "2024.03.31"]
[Round "5"]
[Board "14"]
[White "Goldsmith, Jennifer"]
[Black "Cuthbert, Larissa"]
[Result "0-1"]
[WhiteElo "1561"]
[BlackElo "1605"]
[PlyCount "0"]
[EventDate "2024.03.29"]
[EventRounds "7"]
[EventCountry "ENG"]

1. c4 e6 2. Nc3 d5 3. e4 d4 4. Nce2 c5 5. d3 Nf6 6. Nf3 Be7 7. g3 O-O 8. Bg2 Nc6
9. a3 Qb6 10. O-O Bd7 11. Rb1 Qc7 12. h3 a6 13. Bd2 b5 14. cxb5 axb5 15. Rc1 Qb6
16. Bg5 Rac8 17. e5 Nd5 18. Bxe7 Ndxe7 19. Qd2 h6 20. Rc2 Ng6 21. Rfc1 Ncxe5 22.
Nh2 f6 23. f4 Nf7 24. Kh1 e5 25. Rf1 c4 26. Rcc1 Nd6 27. fxe5 fxe5 28. Qb4 cxd3 29.
Qb3+ Kh8 30. Qxd3 Bf5 31. Qb3 Nc4 32. Rf2 Ne3 33. Rxc8 Rxc8 34. Qf7 Rf8 35. Qb3 Nxg2
36. Kxg2 Qc6+ 37. Kg1 d3 38. Nc3 Qc5 39. Nf1 Be6 40. Ne4 Qxf2+  0-1

[Event "4th 4NCL Easter Congress"]
[Site "Holiday Inn Peterborough - West"]
[Date "2024.03.31"]
[Round "5"]
[Board "15"]
[White "Patel, Diah"]
[Black "Fisher, Neal"]
[Result "0-1"]
[WhiteElo "1495"]
[BlackElo "1694"]
[PlyCount "0"]
[EventDate "2024.03.29"]
[EventRounds "7"]
[EventCountry "ENG"]

1. e4 e5 2. Nf3 Nf6 3. Nc3 Bb4 4. Nxe5 O-O 5. d3 d6 6. Nf3 c6 7. g3 Bg4 8. h3 Be6
9. Bg2 Re8 10. O-O Qc8 11. g4 h5 12. Ng5 hxg4 13. Nxe6 Qxe6 14. f4 g6 15. f5 gxf5
16. exf5 Qe5 17. hxg4 Bc5+ 18. Kh1 Kg7 19. g5 Rh8+ 20. Bh3 Rxh3+ 21. Kg2 Qg3#  0-1

[Event "4th 4NCL Easter Congress"]
[Site "Holiday Inn Peterborough - West"]
[Date "2024.03.31"]
[Round "5"]
[Board "16"]
[White "Gilbert, David J"]
[Black "Raj Konwar, Daryan"]
[Result "1-0"]
[WhiteElo "1683"]
[BlackElo "1362"]
[PlyCount "0"]
[EventDate "2024.03.29"]
[EventRounds "7"]
[EventCountry "ENG"]

1. c4 Nf6 2. Nc3 d6 3. g3 Bf5 4. Bg2 Nc6 5. e4 Bd7 6. d4 e5 7. Nge2 Ne7 8. Bg5 Ng6
9. Qb3 Rb8 10. O-O Be7 11. Bxf6 Bxf6 12. d5 b5 13. cxb5 a6 14. Qc2 axb5 15. b4 O-O
16. Nd1 Bg4 17. h3 Bd7 18. Rc1 Rb7 19. Ne3 Qc8 20. Kh2 Bg5 21. Qc3 Ra7 22. Rc2 Bh6
23. Ng1 Bxe3 24. Qxe3 Qa8 25. Rfc1 Rxa2 26. Rxc7 Bc8 27. Qb6 Rxf2 28. Qxf2 f5 29.
Qa7 Qxa7 30. Rxa7 fxe4 31. Bxe4 Rf2+ 32. Kh1 Rf8 33. Ra8 Ne7 34. Nf3 Bxh3 35. Bxh7+
Kxh7 36. Rxf8 Nxd5 37. Ng5+ Kg6 38. Nxh3 Nxb4 39. Rb1 Nd3 40. Rxb5 Kh5 41. Nf2  1-0

[Event "4th 4NCL Easter Congress"]
[Site "Holiday Inn Peterborough - West"]
[Date "2024.03.31"]
[Round "5"]
[Board "17"]
[White "Fletcher, Ben J"]
[Black "Gordon, Tim"]
[Result "0-1"]
[WhiteElo "1605"]
[BlackElo "1500"]
[PlyCount "0"]
[EventDate "2024.03.29"]
[EventRounds "7"]
[EventCountry "ENG"]

1. e4 c6 2. d4 d5 3. e5 Bf5 4. Nf3 e6 5. Be2 Ne7 6. O-O c5 7. c4 Nbc6 8. cxd5 exd5
9. Be3 cxd4 10. Nxd4 Nxd4 11. Bxd4 Nc6 12. Nc3 Be7 13. e6 fxe6 14. Bxg7 Rg8 15. Bh5+
Kd7 16. Bh6 Bh3 17. Bf3 Bd6 18. Kh1 Qh4 19. Qd2 Bxg2+ 20. Bxg2 Qxh2#  0-1

[Event "4th 4NCL Easter Congress"]
[Site "Holiday Inn Peterborough - West"]
[Date "2024.03.31"]
[Round "5"]
[Board "18"]
[White "Masterson, Desmond"]
[Black "Stokes, Richard"]
[Result "0-1"]
[WhiteElo "1100"]
[BlackElo "1690"]
[PlyCount "0"]
[EventDate "2024.03.29"]
[EventRounds "7"]
[EventCountry "ENG"]

1. e4 c5 2. Nf3 d6 3. d4 cxd4 4. Nxd4 Nf6 5. Bd3 Nc6 6. Nxc6 bxc6 7. O-O e5 8. a3
Be7 9. b4 O-O 10. Bb2 Rb8 11. c3 a5 12. Qc2 Be6 13. Nd2 Qd7 14. Nc4 Bxc4 15. Bxc4
axb4 16. axb4 Qg4 17. f3 Qh4 18. Qf2 Qg5 19. Be2 c5 20. Rfb1 cxb4 21. cxb4 Rxb4 22.
Bc3 Rxb1+ 23. Rxb1 Rc8 24. Bb4 Rc2 25. h3 Z0 26. Kf1 Qg6 27. Qe3 Nh5 28. Be1 Nf4
 0-1

[Event "4th 4NCL Easter Congress"]
[Site "Holiday Inn Peterborough - West"]
[Date "2024.03.31"]
[Round "5"]
[Board "19"]
[White "Hutchinson, Stephen A"]
[Black "Patel, Parisa"]
[Result "0-1"]
[WhiteElo "1135"]
[BlackElo "1467"]
[PlyCount "0"]
[EventDate "2024.03.29"]
[EventRounds "7"]
[EventCountry "ENG"]

1. d4 Nf6 2. Nf3 e6 3. Bf4 d5 4. Nbd2 c5 5. e3 Be7 6. Bb5+ Nc6 7. Bd3 O-O 8. O-O
Re8 9. h3 Bd6 10. Ne5 cxd4 11. exd4 Nxd4 12. Re1 Nc6 13. Ndf3 Nh5 14. Bh2 Qc7 15.
Qd2 Nf6 16. Qg5 Nb4 17. Bb5 Re7 18. Rac1 Nxa2 19. Rcd1 Qxc2 20. Bd3 Qxb2 21. Qh4
b6 22. Ng5 h6 23. Ngxf7 Bxe5 24. Nxe5 Bb7 25. Bg3 Rc8 26. Ng4 Rec7 27. Bxc7 Rxc7
28. Nxf6+ Qxf6 29. Qg3 Rc8 30. Re2 Nc3 31. Rde1 Nxe2+ 32. Bxe2 e5 33. Bg4 Re8 34.
Bd7 Re7 35. Qg4 Rf7 36. f3 h5 37. Qe6 Qxe6 38. Bxe6 Kf8 39. Bxf7 Kxf7 40. Rxe5 Kg6
41. Kf2 a5 42. g4 hxg4 43. hxg4 a4 44. Re3 b5 45. Rd3 Kf6 46. Rd2 Ke5 47. Kg3 b4
48. Rf2 a3 49. f4+ Kd4 50. Rc2 b3 51. Rc1 b2 52. Rd1+ Kc3 53. f5 a2 54. Rf1 b1=Q
55. Rf3+ Qd3 56. Rxd3+ Kxd3 57. g5 a1=Q 58. Kf4 Bc8 59. f6 gxf6 60. gxf6 Qxf6+ 61.
Kg3 Bh3 62. Kxh3 Qg7 63. Kh4 Ke4 64. Kh3 Kf3 65. Kh4 Qg4#  0-1

[Event "4th 4NCL Easter Congress"]
[Site "Holiday Inn Peterborough - West"]
[Date "2024.04.01"]
[Round "6"]
[Board "1"]
[White "Smith, Adam"]
[Black "Griffin-Young, Sebastian"]
[Result "1-0"]
[WhiteElo "1646"]
[BlackElo "1576"]
[PlyCount "0"]
[EventDate "2024.03.29"]
[EventRounds "7"]
[EventCountry "ENG"]

1. e4 c5 2. c3 Nf6 3. e5 Nd5 4. d4 cxd4 5. Nf3 Nc6 6. Bc4 Nb6 7. Bb3 d6 8. exd6 Qxd6
9. O-O g6 10. g3 Bg4 11. Bxf7+ Kd7 12. Na3 Qf6 13. Bf4 Qxf7 14. Ne5+ Nxe5 15. Qxd4+
Qd5 16. Qxd5+ Nxd5 17. Bxe5 Nf6 18. f3 Be6 19. Nb5 Bf7 20. Rad1+ Kc6 21. Nd4+ Kb6
22. a4 Bh6 23. a5+ Ka6 24. b4 Be3+ 25. Kg2 Bxd4 26. Rxd4 b5 27. Bxf6 Bc4 28. Bxh8
Bxf1+ 29. Kxf1 Rxh8 30. Rd7 Rc8 31. Rd3 Rc6 32. Ke2 Re6+ 33. Re3 Rc6 34. f4 e6 35.
Kf3 Kb7 36. Kg4 h6 37. h4 Kc7 38. Rd3 Rd6 39. Rxd6 Kxd6 40. h5 gxh5+ 41. Kxh5 Kd5
42. Kxh6 Ke4 43. g4 Kxf4 44. g5 e5 45. g6 e4 46. g7 e3 47. g8=Q  1-0

[Event "4th 4NCL Easter Congress"]
[Site "Holiday Inn Peterborough - West"]
[Date "2024.04.01"]
[Round "6"]
[Board "2"]
[White "Homer, Neil S"]
[Black "Bellano, Harry"]
[Result "1/2-1/2"]
[WhiteElo "1693"]
[BlackElo "1603"]
[PlyCount "0"]
[EventDate "2024.03.29"]
[EventRounds "7"]
[EventCountry "ENG"]

1. e4 e5 2. Nc3 Nc6 3. Bc4 Bc5 4. Qg4 Kf8 5. Qf3 Nf6 6. d3 Nd4 7. Qd1 a6 8. Bb3 d6
9. h3 h6 10. Nf3 Nxb3 11. axb3 Be6 12. O-O g5 13. d4 exd4 14. Nxd4 Bxd4 15. Qxd4
Rg8 16. e5 Ne8 17. exd6 Nxd6 18. Rd1 Qc8 19. Qf6 Rg6  1/2-1/2

[Event "4th 4NCL Easter Congress"]
[Site "Holiday Inn Peterborough - West"]
[Date "2024.04.01"]
[Round "6"]
[Board "3"]
[White "Sahoo, Shivam"]
[Black "Saha, Soumil"]
[Result "0-1"]
[WhiteElo "1553"]
[BlackElo "1479"]
[PlyCount "0"]
[EventDate "2024.03.29"]
[EventRounds "7"]
[EventCountry "ENG"]

1. d4 Nf6 2. c4 g6 3. Nf3 Bg7 4. Bf4 O-O 5. e3 d6 6. Qc2 Nh5 7. Bg3 f5 8. Nc3 Nc6
9. Rd1 f4 10. exf4 Nxf4 11. c5 Bg4 12. Qb3+ Kh8 13. Ng5 e6 14. Bxf4 Bxd1 15. Nxd1
Nxd4 16. Qxb7 Rxf4 17. cxd6 cxd6 18. Nf7+ Rxf7 19. Qxf7 Qa5+ 20. Nc3 Qe5+ 21. Kd1
Qh5+ 22. f3 Qc5 23. Qb7 Rf8 24. Bd3 Nf5 25. Re1 Ne3+ 26. Kd2 Nxg2 27. Rxe6 Nf4 28.
Re3 d5 29. Na4 Qa5+ 30. b4 Qxa4 31. Re7 Qxa2+ 32. Bc2 Nh5 33. Qxa7 Qc4 34. Qa5 Bc3+
35. Kc1 Bxb4 36. Qa1+ d4 37. Qa7 Bxe7 38. Qxe7 Rc8 39. Qe5+ Kg8 40. Qe4 Nf6 41. Kd1
Nxe4 42. Bxe4 Qc1+ 43. Ke2 Qe3+ 44. Kf1 Rc1+ 45. Kg2 Rg1+  0-1

[Event "4th 4NCL Easter Congress"]
[Site "Holiday Inn Peterborough - West"]
[Date "2024.04.01"]
[Round "6"]
[Board "4"]
[White "Ramsey, David"]
[Black "Loyden, Gary"]
[Result "1/2-1/2"]
[WhiteElo "1682"]
[BlackElo "1647"]
[PlyCount "0"]
[EventDate "2024.03.29"]
[EventRounds "7"]
[EventCountry "ENG"]

1. e4 c5 2. d4 cxd4 3. c3 d5 4. Qa4+ Bd7 5. Qxd4 dxe4 6. Qxe4 Nc6 7. Bc4 Nf6 8. Qc2
Na5 9. Be2 g6 10. Nf3 Nc6 11. Bf4 Bg7 12. Na3 Rc8 13. O-O O-O 14. Rad1 Qe8 15. Qb3
Na5 16. Qc2 Nc6 17. Qb3  1/2-1/2

[Event "4th 4NCL Easter Congress"]
[Site "Holiday Inn Peterborough - West"]
[Date "2024.04.01"]
[Round "6"]
[Board "5"]
[White "Cheng, Wing"]
[Black "Prabhakaran, Anvikkashri"]
[Result "1-0"]
[WhiteElo "1649"]
[BlackElo "1210"]
[PlyCount "0"]
[EventDate "2024.03.29"]
[EventRounds "7"]
[EventCountry "ENG"]

1. e4 e6 2. d4 d5 3. Nd2 c5 4. c3 Nc6 5. Ngf3 Nf6 6. e5 Nd7 7. Be2 Be7 8. O-O O-O
9. Nb3 Qc7 10. Ng5 h6 11. Nh3 cxd4 12. cxd4 a6 13. Bd3 Nb4 14. Bb1 f6 15. Bxh6 f5
16. Bg5 Qd8 17. Qh5 Nc6 18. Bxe7 Qxe7 19. Ng5 g6 20. Qxg6+ Qg7 21. Qxg7+ Kxg7 22.
Nxe6+ Kf7 23. Nxf8 Nxf8 24. Bc2 Be6 25. Bd1 Ke7 26. Rc1 Ng6 27. g3 Rg8 28. f4 Kd8
29. a3 Ke7 30. Kf2 Rh8 31. h4 Nf8 32. Ke3 Rg8 33. Rg1 Ng6 34. Be2 Nf8 35. Nc5 Bc8
36. Nxa6 Ne6 37. Nb4 Nexd4 38. Nxd5+ Kd8 39. h5 Nxe2 40. Kxe2 Nd4+ 41. Ke3 Nb3 42.
Rxc8+ Kxc8 43. Ne7+ Kd8 44. Nxg8 Ke8 45. h6 Kf7 46. h7 Kg7 47. Rh1 Kh8 48. Ne7 Nc5
49. Ng6+ Kg7 50. h8=Q+ Kxg6 51. Qf6#  1-0

[Event "4th 4NCL Easter Congress"]
[Site "Holiday Inn Peterborough - West"]
[Date "2024.04.01"]
[Round "6"]
[Board "6"]
[White "Gibbs, John"]
[Black "Dhingra, Kanvansh"]
[Result "0-1"]
[WhiteElo "1699"]
[BlackElo "1609"]
[PlyCount "0"]
[EventDate "2024.03.29"]
[EventRounds "7"]
[EventCountry "ENG"]

1. e4 c5 2. Nf3 e6 3. d4 cxd4 4. Nxd4 Nc6 5. Be3 a6 6. c3 Qc7 7. Bd3 Nf6 8. Nd2 Be7
9. O-O O-O 10. f4 b5 11. Rc1 Bb7 12. Qf3 Rfd8 13. Qh3 h6 14. Rf3 Nxd4 15. Bxd4 Bc5
16. Bxc5 Qxc5+ 17. Kh1 d5 18. exd5 Rxd5 19. Qg3 Rad8 20. Re1 Qd6 21. Ne4 Qe7 22.
Nxf6+ Qxf6 23. Be4 R5d7 24. Bxb7 Rxb7 25. Qf2 Rbd7 26. Rfe3 Rd2 27. R3e2 Rxe2 28.
Rxe2 Rd1+ 29. Re1 Qxf4 30. Kg1 Qxf2+ 31. Kxf2 Rd2+ 32. Re2 Rd3 33. Re5 Rd2+ 34. Re2
Rd3 35. Re5 Kf8 36. Ke2 Rd6 37. Rc5 Ke7 38. h3 Kf6 39. Ke3 Rd5 40. Rxd5 exd5 41.
Kd4 Ke6 42. Kc5 f5 43. Kb6 g5 44. Kxa6 h5 45. Kxb5 g4 46. hxg4 hxg4 47. Kc5 Ke5 48.
b4 f4 49. b5 f3 50. gxf3 g3 51. b6 g2 52. b7 g1=Q+ 53. Kc6 Qg6+ 54. Kc7 Qd6+ 55.
Kc8 Ke6 56. b8=Q Qd7#  0-1

[Event "4th 4NCL Easter Congress"]
[Site "Holiday Inn Peterborough - West"]
[Date "2024.04.01"]
[Round "6"]
[Board "7"]
[White "Jerome, Stellio"]
[Black "Butler, Rene"]
[Result "1-0"]
[WhiteElo "1674"]
[BlackElo "1524"]
[PlyCount "0"]
[EventDate "2024.03.29"]
[EventRounds "7"]
[EventCountry "ENG"]

1. f4 d5 2. e3 Nf6 3. Nf3 g6 4. Be2 Bg7 5. O-O c5 6. d3 Nc6 7. Qe1 O-O 8. Nc3 Nb4
9. Bd1 d4 10. Ne4 Nxe4 11. dxe4 dxe3 12. e5 b6 13. Bxe3 Bf5 14. Qf2 Nd5 15. Bd2 Qd7
16. Re1 Rfd8 17. Be2 Qc7 18. Bc4 Be6 19. Ng5 Bf5 20. Qf3 e6 21. Rac1 h6 22. Nh3 Bxh3
23. Qxh3 Ne7 24. Bc3 Nf5 25. Rcd1 Rxd1 26. Rxd1 Rd8 27. Rxd8+ Qxd8 28. Qd3 Qxd3 29.
Bxd3 Ne3 30. Bd2 Nd5 31. a3 h5 32. h4 Bf8 33. Kf2 Be7 34. g3 Kg7 35. Kf3 f6 36. c4
Nc7 37. Bc3 Ne8 38. Be4 f5 39. Bc6 Kf7 40. Ke3 Nc7 41. Kd3 Na6 42. Bb7 Nc7 43. b4
b5 44. cxb5 Nxb5 45. bxc5 Bxc5 46. Be1 Nxa3 47. Ba6 Nb1 48. Kc4 Be3 49. Kd3 Bc5 50.
Kc2 Na3+ 51. Kb2 Be7 52. Bd3 Bc5 53. Kb3 Ke7 54. Bb4 Bxb4 55. Kxb4 Nb1 56. Bxb1 Kd7
57. Kb5 a5 58. Kxa5 Kc6 59. Ba2 Kd7 60. Kb5 Ke7 61. Kc6  1-0